000 00259nam a22000977a 4500
999 _c3004
_d3004
008 191111b ||||| |||| 00| 0 eng d
100 _aNational Philatelic Museum
245 _aLiberia
260 _aPhiladelpia
_bNational Philatelic Museum
_c195?
650 _aLiberia